| 000 | 01462cam a22002054a 4500 | ||
|---|---|---|---|
| 005 | 20250605164148.0 | ||
| 008 | 250528s ||||||||||||||||||||||||d | ||
| 035 | _a19270 | ||
| 020 | _a9607093801 | ||
| 040 |
_aGR-AtMCL _bgre _dGR-AtMCL _eAACR2 |
||
| 245 | 1 | _aΤο Στεγάστικο Πρόβλημα των Σεισμόπληκτων του Νομού Γρεβενών / Ομοιότητες και Διαφορές με το Αίγιο | |
| 260 |
_bΕθνικό Κέντρο Κοινωνικών Ερευνών, _c2002 |
||
| 300 | _a272 | ||
| 520 | _aΗ πραγμάτευση του προβλήματος των εκατοντάδων αστέγων που άφησε πίσω του ο καταστροφικός σεισμός του 1995 στην Περιοχή των Γρεβενών. Αντί Προλόγου, Ευχαριστίες, Η Έρευνα για τους Σεισμόπληκτους του Νομού Γρεβενών, Αδρή Εικονογράφηση του του Νομού Γρεβενών, Παρουσίαση των Αποτελεσμάτων της Έρευνας, Συμπερασματικές Παρατηρήσεις, Το Ερωτηματολόγιο της Έρευνας, Χάρτης και Φωτογραφίες, Summary, Βιβλιογραφία. | ||
| 700 | 1 |
_aΚουβέλη Αναστασία _95493 |
|
| 700 | 1 |
_aΠαππάς Γιώργος _95495 |
|
| 942 | _cBK | ||
| 999 |
_c4534 _d4534 |
||